LEADER 01242nam a2200301 a 4500 001 000000121805 003 CaOOAMICUS 005 20100518112148.0 008 100518t2010 it af u000 u ita r 020 $a978-88-372-2395-3 040 $aPUL$bita$dReb 082 04$a296.09 245 00$aQuando i cristiani erano ebrei /$ca cura di Piero Stefani. 260 $aBrescia :$bMorcelliana,$c©2010. 300 $a228 p. ;$c21 cm 490 1 $aLibri di Biblia ;$v05 504 $aBibliografia: p. [211]-225. 650 4$aGiudaismo$xRelazioni$xCristianesimo.$0(OLS)http://pul/subject/5416 700 1 $aStefani, Piero,$d1949-$0(OLS)http://pul/name/25195 830 0$aLibri di Biblia ;$v05.$0(OLS)http://pul/title/146194 850 $aPUL 852 $aPUL$W1$xSL Religione 3$y85$m296. 09 STEPI 1$j139794$qDDC 21$B138987$CPULBib$Z2$F138987 $H113734 $82 941 1 $a9 960 $aCristianesimo e altre religioni$xGiudaismo$95416 996 $6020$a978-88-372-2395-3$9(OLS)http://pul/number/144265 996 $6082$a296.09$9(OLS)http://pul/classification/557 996 $6245$aQuando i cristiani erano ebrei$9(OLS)http://pul/title/153254 996 $6260$aBrescia :$bMorcelliana$9(OLS)http://pul/publisher/47854 LEADER 01297namaa2200301 i 4500 001 000000178016 003 CaOOAMICUS 005 20250828124252.0 008 250828s2025 it a m u000 u ita r 032 $aLibriCat 040 $aPUL$bita 100 1 $aBilanzone, Melissa,$d1996-,$eautore dissertazione.$0(OLS)http://pul/name/114545 245 13$aLa laicitą, un cantiere aperto :$bproblemi e prospettive /$cMelissa Bilanzone . 264 20$aRomae :$b[s.n.],$c2025. 300 $a87 pagine ;$c24 cm 336 $atxt$2rdacontent 337 $asenza mediazione$bn$2rdamedia 338 $avolume$anc 502 $aEstratto della Tesi di Dottorato, Pontificia Universitas Lateranensis. Facoltą di Diritto Civile, 2025. 504 $aBibliografia : pagine [57]-87. 650 4$aLaicitą e diritto.$0(OLS)http://pul/subject/36678 710 2 $aPontificia Universitą Lateranense.$bFacoltą di diritto civile$kTesi.$0(OLS)http://pul/name/81778 850 $aPUL 852 $aPUL$W1$xDP1 Tesi Pon Univ. Lateranense$y41$m2025 D 1$j201948$qTesi$B207002$CPULBib$Z2$F207002 $82 941 1 $a16 996 $6245$aLa laicitą, un cantiere aperto :$bproblemi e prospettive$9(OLS)http://pul/title/219576 996 $6264$aRomae :$b[s.n.]$9(OLS)http://pul/publisher/48223